<?xml version="1.0" encoding="UTF-8"?><?xml-stylesheet type="text/xsl" href="static/style.xsl"?><OAI-PMH xmlns="http://www.openarchives.org/OAI/2.0/" xmlns:xsi="http://www.w3.org/2001/XMLSchema-instance" xsi:schemaLocation="http://www.openarchives.org/OAI/2.0/ http://www.openarchives.org/OAI/2.0/OAI-PMH.xsd"><responseDate>2026-05-11T22:52:08Z</responseDate><request verb="GetRecord" identifier="oai:riubu.ubu.es:10259/5005" metadataPrefix="marc">https://riubu.ubu.es/oai/request</request><GetRecord><record><header><identifier>oai:riubu.ubu.es:10259/5005</identifier><datestamp>2024-05-17T09:34:26Z</datestamp><setSpec>com_10259_2699</setSpec><setSpec>col_10259_2723</setSpec></header><metadata><record xmlns="http://www.loc.gov/MARC21/slim" xmlns:doc="http://www.lyncode.com/xoai" xmlns:xsi="http://www.w3.org/2001/XMLSchema-instance" xmlns:dcterms="http://purl.org/dc/terms/" xsi:schemaLocation="http://www.loc.gov/MARC21/slim http://www.loc.gov/standards/marcxml/schema/MARC21slim.xsd">
<leader>00925njm 22002777a 4500</leader>
<datafield tag="042" ind1=" " ind2=" ">
<subfield code="a">dc</subfield>
</datafield>
<datafield tag="720" ind1=" " ind2=" ">
<subfield code="a">Abad San Martín, Victoria</subfield>
<subfield code="e">author</subfield>
</datafield>
<datafield tag="260" ind1=" " ind2=" ">
<subfield code="c">2016</subfield>
</datafield>
<datafield tag="520" ind1=" " ind2=" ">
<subfield code="a">En la presente tesis, por un lado, se estudian las tecnologías de fabricación de imanes&#xd;
permanentes de tierras raras para determinar una alternativa viable a los imanes NdFeB sinterizados,&#xd;
monopolizados por China, y por otro lado se estudian los distintos tipos de motores eléctricos más&#xd;
idóneos para su aplicación en vehículos eléctricos. Una vez determinado que los motores síncronos de&#xd;
imanes permanentes son actualmente los más apropiados, y tomando el motor MG2 del Toyota Prius&#xd;
como base, se desarrolla un nuevo modelo de rotor que utilice eficazmente imanes permanentes&#xd;
aglomerados, con más posibilidades de conformación que los sinterizados.</subfield>
</datafield>
<datafield tag="520" ind1=" " ind2=" ">
<subfield code="a">In this Thesis, on the one hand, manufacturing technologies of rare earth permanent&#xd;
magnets are studied to determine a viable alternative to sintered NdFeB magnets monopolized by&#xd;
China, and, on the other hand, the most suitable types of electric motors are also studied for its&#xd;
implementation in electric vehicles. Once having determined that the synchronous permanent magnet&#xd;
motors are, at the present time, the most convenient option, and taking Toyota Prius MG2 motor as a&#xd;
basis, a new rotor model efficiently using agglomerate permanent magnets is developed with more&#xd;
conformation possibilities than the sintered ones.</subfield>
</datafield>
<datafield tag="024" ind2=" " ind1="8">
<subfield code="a">http://hdl.handle.net/10259/5005</subfield>
</datafield>
<datafield tag="024" ind2=" " ind1="8">
<subfield code="a">10.36443/10259/5005</subfield>
</datafield>
<datafield ind1=" " ind2=" " tag="653">
<subfield code="a">Motor síncrono de imanes permanentes</subfield>
</datafield>
<datafield ind1=" " ind2=" " tag="653">
<subfield code="a">Análisis por elementos finitos</subfield>
</datafield>
<datafield ind1=" " ind2=" " tag="653">
<subfield code="a">Vehículo eléctrico híbrido</subfield>
</datafield>
<datafield ind1=" " ind2=" " tag="653">
<subfield code="a">Tierras raras</subfield>
</datafield>
<datafield ind1=" " ind2=" " tag="653">
<subfield code="a">Fabricación de imanes</subfield>
</datafield>
<datafield ind1=" " ind2=" " tag="653">
<subfield code="a">Permanent magnet synchronous machine</subfield>
</datafield>
<datafield ind1=" " ind2=" " tag="653">
<subfield code="a">Finite elements analysis</subfield>
</datafield>
<datafield ind1=" " ind2=" " tag="653">
<subfield code="a">Hybrid electrical vehicle</subfield>
</datafield>
<datafield ind1=" " ind2=" " tag="653">
<subfield code="a">Rare earths</subfield>
</datafield>
<datafield ind1=" " ind2=" " tag="653">
<subfield code="a">manufacturing of magnets</subfield>
</datafield>
<datafield tag="245" ind1="0" ind2="0">
<subfield code="a">Análisis y optimización de modelos de rotor de motor síncrono para vehículos híbridos con la incorporación de nuevos materiales magnéticos</subfield>
</datafield>
</record></metadata></record></GetRecord></OAI-PMH>